Motherland or Fatherland? - Statistics

General Stats
  • This quiz has been taken 62 times
  • The average score is 6 of 21
Answer Stats
Hint Answer % Correct
Russia Motherland
54%
Germany Fatherland
52%
England Motherland
48%
Japan Ancestral land
40%
China Ancestral land
36%
India Motherland
32%
Philipines Motherland
32%
North Korea Motherland
32%
South Africa Fatherland
30%
Vietnam Ancestral land
28%
Netherlands Fatherland
26%
Mongolia Motherland
26%
South Korea Ancestral land
24%
Turkey Motherland
22%
Ireland Fatherland
20%
Thailand Fatherland
18%
Poland Parentland
18%
Spain Parentland
12%
France Parentland
12%
Italy Parentland
10%
Romania Parentland
8%
No matching quizzes found
Score Distribution
Percent of People with Each Score
Percentile by Number Answered
Your Score History
You have not taken this quiz